000 00599nam a2200205Ia 4500
001 10224
003 GE_BSU
008 181216s||||||||xx |||||||||||||| ||und||
040 _cGE_BSU
080 _a821.353.1-1
100 _aსეიდიშვილი,ლადო
245 _aლექსები
245 _cრედ.ო.გოგუაძე.მხატვ.ლ.სეიდიშვილი
260 _aბათუმი
260 _bსაბჭოთა აჭარა
260 _c1975
300 _a92გვ.16სმ.
653 _aლექსები
942 _cBK
999 _c43493
_d43493